[Event "Wch U12 Girls"]
[Site "Belfort"]
[Date "2005.07.26"]
[Round "9"]
[White "Botha, Monique"]
[Black "Soylemez, Cansu"]
[Result "0-1"]
[WhiteElo "1599"]
[BlackElo "1599"]
[PlyCount "85"]
[EventDate "2005.07.19"]
[EventType "swiss"]
[EventRounds "11"]
[EventCountry "FRA"]
[SourceTitle "CBM 107 Extra"]
[Source "ChessBase"]
[SourceDate "2005.09.01"]
[SourceVersion "1"]
[SourceVersionDate "2005.09.01"]
[SourceQuality "1"]

1. Nf3 d5 2. g3 e6 3. Bg2 Nf6 4. 0-0 Be7 5. d3 0-0 6. Nbd2 Nbd7 7. e4 c6 8. c4 Nc5 9. e5 Ng4 10. d4 Ne4 11. Nxe4 dxe4 12. Nd2 e3 13. Qxg4 exd2 14. Bxd2 f5 15. exf6 Bxf6 16. Qe2 Bxd4 17. Rad1 Qf6 18. b3 e5 19. Be3 Bf5 20. Bxd4 exd4 21. Qd2 d3 22. Rfe1 Rae8 23. Bf1 Bg4 24. Rb1 Be2 25. f4 Qd4+ 26. Kh1 Qf2 27. Bg2 Rf6 28. Rg1 Rh6 29. Rbf1 Qe3 30. Rd1 Bxd1 31. Qxe3 Rxe3 32. Rxd1 Rxg3 33. Rd2 Re3 34. Kg1 Rhe6 35. Bf1 Rd6 36. Kf2 Re4 37. Kf3 Rdd4 38. Bxd3 Rxf4+ 39. Ke3 c5 40. b4 b6 41. a4 Rh4 42. Bf1 Rxd2 43. Kxd2 0-1